Vật lý trị liệu và phục hồi chức năng (dùng cho đào tạo sau đại học)
Sách trình bày tính chất cơ bản của các yếu tố vật lý, tác dụng sinh học của các yếu tố vật lý, kỹ thuật ứng dụng các yếu tố vật lý vào điều trị, phòng bệnh và phục hồi chức năng. Sách còn nêu lên mục tiêu của phục hồi chức năng,...
Sparad:
| Huvudupphovsman: | |
|---|---|
| Övriga upphovsmän: | , |
| Materialtyp: | Bok |
| Språk: | Vietnamese |
| Publicerad: |
H.
Quân đội nhân dân
2014
|
| Ämnen: | |
| Taggar: |
Lägg till en tagg
Inga taggar, Lägg till första taggen!
|
| Thư viện lưu trữ: | Thư viện Trường Đại học Nam Cần Thơ |
|---|
| LEADER | 02180nam a22002777a 4500 | ||
|---|---|---|---|
| 001 | NCT_62535 | ||
| 008 | 190409b xxu||||| |||| 00| 0 vie d | ||
| 999 | |c 3027 |d 3027 | ||
| 020 | |c 265000 | ||
| 082 | 0 | 4 | |2 23rd ed. |a 615.8 |b K304 |
| 100 | 1 | |a Hà Hoàng Kiệm |e Chủ biên | |
| 245 | 1 | 0 | |a Vật lý trị liệu và phục hồi chức năng |b (dùng cho đào tạo sau đại học) |c Hà Hoàng Kiệm (chủ biên) ; Dương Xuân Đạm, Nguyễn Trọng Lưu, ...(biên soạn) |
| 260 | |a H. |b Quân đội nhân dân |c 2014 | ||
| 300 | |a 415 tr. |b Hình vẽ |c 27cm | ||
| 500 | |a ĐTTS ghi: Học viện Quân Y | ||
| 520 | 3 | |a Sách trình bày tính chất cơ bản của các yếu tố vật lý, tác dụng sinh học của các yếu tố vật lý, kỹ thuật ứng dụng các yếu tố vật lý vào điều trị, phòng bệnh và phục hồi chức năng. Sách còn nêu lên mục tiêu của phục hồi chức năng, nguyên tắc cơ bản của phục hồi chức năng, kỹ thuật cơ bản để phục hồi chức năng. | |
| 653 | |a Y Đa khoa | ||
| 700 | 1 | |a Dương Xuân Đạm |e Biên soạn | |
| 700 | 1 | |a Nguyễn Trọng Lưu |e Biên soạn | |
| 942 | |2 ddc |c BK | ||
| 952 | |0 0 |1 0 |2 ddc |4 0 |6 615_800000000000000_K304 |7 0 |9 16430 |a 000001 |b 000001 |d 2019-04-09 |o 615.8 K304 |p MD.15002 |r 2019-04-09 |v 265000.00 |w 2019-04-09 |y BK | ||
| 952 | |0 0 |1 0 |2 ddc |4 0 |6 615_800000000000000_K304 |7 0 |9 16431 |a 000001 |b 000001 |d 2019-04-09 |l 1 |o 615.8 K304 |p MD.15003 |r 2019-11-05 |s 2019-11-02 |v 265000.00 |w 2019-04-09 |y BK | ||
| 952 | |0 0 |1 0 |2 ddc |4 0 |6 615_800000000000000_K304 |7 0 |9 16432 |a 000001 |b 000001 |d 2019-04-09 |l 1 |o 615.8 K304 |p MD.15004 |r 2019-11-13 |s 2019-11-02 |v 265000.00 |w 2019-04-09 |y BK | ||
| 952 | |0 0 |1 0 |2 ddc |4 0 |6 615_800000000000000_K304 |7 0 |9 16433 |a 000001 |b 000001 |d 2019-04-09 |o 615.8 K304 |p MD.15005 |r 2019-04-09 |v 265000.00 |w 2019-04-09 |y BK | ||
| 952 | |0 0 |1 0 |2 ddc |4 0 |6 615_800000000000000_K304 |7 0 |9 16434 |a 000001 |b 000001 |d 2019-04-09 |o 615.8 K304 |p MD.15006 |r 2019-04-09 |v 265000.00 |w 2019-04-09 |y BK | ||
| 980 | |a Thư viện Trường Đại học Nam Cần Thơ | ||